|
|
|
|
| LEADER |
00000nab a2200000 a 4500 |
| 001 |
vtls010103499 |
| 003 |
SK-MaSNL |
| 005 |
20260303213536.0 |
| 008 |
140512c20100514xo ||||||||||||00 b|slo |
| 015 |
|
|
|a SNBRB2010/06
|2 snkbucl
|
| 038 |
|
|
|a SNKBUCL
|
| 040 |
|
|
|a SNKBUCL
|b slo
|c SNKBUCL
|e AACR2
|
| 041 |
0 |
|
|a slo
|
| 044 |
|
|
|a xo
|c SK
|
| 080 |
|
|
|a 791.224
|x (73)
|2 2001
|
| 100 |
1 |
|
|a Ščepka, Miloš,
|d 1963-
|4 aut
|9 237244
|
| 245 |
1 |
0 |
|a Päť prekvapení u Robina Hooda
|b výsledný dojem z nového spracovania starej témy vyvoláva otázku, prečo vlastne vznikol
|c Miloš Ščepka
|
| 300 |
|
|
|b Fotogr.
|
| 500 |
|
|
|a Réžia: Ridley Scott
|
| 630 |
0 |
7 |
|a Robin Hood (film)
|2 snkbucl
|9 967699
|
| 655 |
|
7 |
|a recenzie
|2 snkbucl
|9 21907
|
| 773 |
0 |
|
|t Sme
|g Roč. 18, č. 109 (14.5.2010)
|x 1335-440X
|
| 773 |
0 |
|
|t Kultúra
|g S. 18
|
| 852 |
|
|
|a SNK
|b KIS3GCP
|
| 856 |
4 |
1 |
|u http://kultura.sme.sk/c/5374231/pat-prekvapeni-u-robina-hooda.html
|
| 958 |
|
|
|a US
|
| 958 |
|
|
|a RC
|
| 999 |
|
|
|c 2212613
|d 2214543
|